Microdifferential Systems in the Complex Domain

Αποθηκεύτηκε σε:
Λεπτομέρειες βιβλιογραφικής εγγραφής
Κύριος συγγραφέας: Schapira, Pierre 1943-
Μορφή: Βιβλίο
Γλώσσα:English
Δημοσίευση: Berlin : Springer-Verlag, 1985
Σειρά:Grundlehren der mathematischen wissenschaften ; ; 269
Θέματα:
Ετικέτες: Προσθήκη ετικέτας
Δεν υπάρχουν, Καταχωρήστε ετικέτα πρώτοι!

MARC

LEADER 00000nam a2200000 i 4500
001 1/28380
008 960605s1985 eng d
020 |a 3-540-13672-X 
035 |a 1995  |l 10038060 
040 |a GR-MY-UA  |b gre  |e aacr 
041 0 |a eng 
082 0 |a 515.353 
100 1 |a Schapira, Pierre  |d 1943- 
245 1 0 |a Microdifferential Systems in the Complex Domain /  |c Pierre Schapira 
260 |a Berlin :   |b Springer-Verlag,   |c 1985 
300 |a 214 p.;  |c 24 cm. 
490 1 |a Grundlehren der mathematischen Wissenschaften  |v ; 269 
500 |a Includes bibliographical references and index 
650 0 0 |a Differential equations, Partial. 
650 0 0 |a Differential operators. 
650 0 0 |a Cauchy problem. 
830 0 |a Grundlehren der mathematischen wissenschaften ;  |v ; 269 
852 |a INST  |b SAMOS  |e 19960605  |h 515.353 SCH  |p 005300005105  |q 005300005105  |t BK  |y 0 
909 |a Σ  |b 039269